000 00653nam a2200229 i 4500
001 bg
100 1 _aLIPOŃSKI, Wojciech
245 1 0 _aNarodziny cywilizacji Wysp Brytyjskich /
_cWojciech Lipoński.
260 _aPoznań :
_bBENE NATI,
_c1995.
300 _a632, [32] k.tab. :
_bmapy, rys., wykr. ;
_c24 cm.
490 1 _aAnglistyka ;
_vnr 9
504 _aBibliogr. s. 551-581. - Indeks.
651 9 _aWielka Brytania
_xhistoria
_ydo 11 w.
830 _aAnglistyka ;
020 _a8386675055
040 _cBPK
041 0 _apl
080 _a941".../10"
920 _a83-86675-05-5
942 _cKS
008 s pl f |000 0 pol
999 _c31378
_d31378
856 _uhttp://koha.tu.koszalin.pl/cgi-bin/koha/opac-detail.pl?biblionumber=31378
_yKatalog online BPK